Statistics for Supermodels Married to Rock Stars

Click here to take the quiz!

General Stats

  • This quiz has been taken 63 times
  • The average score is 11 of 19

Answer Stats

ModelHit SongsBandRock Star% Correct
ImanZiggy Stardust / Space OdditySolo ArtistDavid Bowie
93%
Jerry HallSatisfaction / Jumpin' Jack FlashRoling StonesMick Jagger
91%
Christie BrinkleyUptown Girl / We Didn't Start the FireSolo ArtistBilly Joel
81%
Barbara BachCome Together / Let It BeThe BeatlesRingo Starr
81%
Heidi KlumCrazy/ Kiss From A RoseSolo ArtistSeal
81%
Erin EverlySweet Child o' Mine / Welcome to the JungleGuns N' RosesAxl Rose
75%
Pamela AndersonDr. Feelgood / Girls, Girls, GirlsMotley CrueTommy Lee
74%
Rachel HunterMaggie May / Forever YoungSolo ArtistRod Stewart
68%
Behati PrinslooMoves Like Jagger / She Will be LovedMaroon 5Adam Levine
67%
Patti HansenSatisfaction / Jumpin' Jack FlashRolling StonesKeith Richards
61%
Karen ElsonLet’s Shake Hands / Fell in Love With A GirlThe White StripesJack White
58%
Pamela AndersonAmerican Bad Ass / PictureSolo ArtistKid Rock
49%
Jill McCormickRearviewmirror / BlackPearl JamEddie Vedder
47%
Elaine IrwinJack and Diane / Wild NightSolo ArtistJohn Mellencamp
47%
Yasmin ParvanehHungry Like the Wolf / Girls On FilmDuran DuranSimon Le Bon
46%
Lala SloatmanRemedy / Hard to HandleThe Black CrowesChris Robinson
21%
Lily AldridgeSex on Fire / Use SomebodyKings of LeonCaleb Followill
18%
Mary ForsbergInterstate Love Song / PlushStone Temple PilotsScott Weiland
12%
Kate MossKeep On Your Mean Side / Blood PressuresThe KillsJamie Hince
7%

Score Distribution

Percentile by Number Answered

Percent of People with Each Score

Your Score History

You have not taken this quiz